| 000 | 00548nam a2200145Ia 4500 | ||
|---|---|---|---|
| 008 | 171212s9999 xx 000 0 und d | ||
| 020 | _a9781921536922 | ||
| 100 | _aBeckett, Jeremy;Hercus, Luise | ||
| 245 |
_cBeckett, Jeremy;Hercus, Luise _aThe Two Rainbow Serpents Travelling _bMura track narratives from the 'Corner Country |
||
| 260 |
_bANU E Press _c2009 |
||
| 440 | _aAboriginal History Monographs | ||
| 650 | _aRainbow serpent; Aboriginal Australians -- Religion | ||
| 650 | _aSociology | ||
| 856 | _uwww.jstor.org/stable/10.2307/j.ctt24hfjw | ||
| 999 |
_c351394 _d351394 |
||